Cultural implications and preservation of traditional attire of Central Bontoc/ (Record no. 68435)

MARC details
000 -LEADER
fixed length control field 01980nam a22001937a 4500
003 - CONTROL NUMBER IDENTIFIER
control field OSt
005 - DATE AND TIME OF LATEST TRANSACTION
control field 20230602123455.0
008 - FIXED-LENGTH DATA ELEMENTS--GENERAL INFORMATION
fixed length control field 230210b |||||||| |||| 00| 0 eng d
040 ## - CATALOGING SOURCE
Transcribing agency MPSPC
082 ## - DEWEY DECIMAL CLASSIFICATION NUMBER
Classification number MPSPC POL SCI Al85 2021
100 ## - MAIN ENTRY--PERSONAL NAME
Personal name Alva, Zyndy K.
9 (RLIN) 67722
245 ## - TITLE STATEMENT
Title Cultural implications and preservation of traditional attire of Central Bontoc/
Statement of responsibility, etc. Zyndy K. Diva
300 ## - PHYSICAL DESCRIPTION
Extent v, 43p. ;
Dimensions 41 cm.
336 ## - CONTENT TYPE
Content type code txt
337 ## - MEDIA TYPE
Media type code n
520 ## - SUMMARY, ETC.
Summary, etc. The descriptive study was an exploration of the Traditional Ethnic Attire of Central Bontoc, its implications and preservation. It also sought to find the different ethnic costumes available in Central Bontoc and their cultural implications. As well as the challenges encountered in the preservation of ethnic costumes. The data gathering was qualitative method using interview and documentation. Respondents were remaining individuals knowledge of the topic were interviewed. Key informants include elders, designers, and individuals who often wear traditional clothing. <br/> Based on the findings, the following conclusions were drawn (1) ethnic costumes including ornaments paired to go along with the style, as an identity to their culture. Including, the meaning of the symbols and its implication. (2) Preservation on the said ethnic costumes is being adhered to especially by elders and weavers to regain the lost art of weaving and culture as a whole. <br/> Based on the conclusions, the following recommendations are forwarded (1)Skill training on the development of ethnic cloth weaving is recommended in order to enhance the talents and skills of the younger generation and sustain the availability of the ethnic material culture of the people of Central Bontoc. (2) More improvements and in-depth study on the uses, meanings, and implications of the ethnic costumes is recommended in order to pass down for the next generation.
650 ## - SUBJECT ADDED ENTRY--TOPICAL TERM
Topical term or geographic name entry element Culture
Geographic subdivision Bontoc
9 (RLIN) 67723
942 ## - ADDED ENTRY ELEMENTS (KOHA)
Source of classification or shelving scheme Dewey Decimal Classification
Koha item type UNDERGRADUATE THESES
Suppress in OPAC No
Holdings
Withdrawn status Lost status Source of classification or shelving scheme Damaged status Not for loan Collection Home library Current library Shelving location Date acquired Total Checkouts Full call number Barcode Date last seen Price effective from Koha item type
    Dewey Decimal Classification     UG Thesis - BAPS Bontoc Campus Library Bontoc Campus Library MPSU Bontoc Campus Library 2nd Floor 02/10/2023   MPSPC BAPS Al85 2021 BTH0810 02/10/2023 02/10/2023 UNDERGRADUATE THESES